[Event "Cap d'Agde-A"]
[Site "Cap d'Agde"]
[Date "2000.??.??"]
[Round "2"]
[White "Bologan, Viktor"]
[Black "Hamdouchi, Hichem"]
[Result "0-1"]
[WhiteElo "2641"]
[BlackElo "2541"]
[PlyCount "116"]
[EventDate "2000.10.29"]
[Source "ChessBase"]
[SourceDate "2001.01.25"]

1. e4 c5 2. Nf3 e6 3. d3 d6 4. g3 b6 5. Bg2 Bb7 6. O-O Nd7 7. Ng5 Be7 8. f4 h6 9. Nh3 Ngf6 10. f5 e5 11. c4 Nb8 12. Nc3 Nc6 13. a3 a6 14. Rb1 Nd4 15. b4 b5 16. bxc5 dxc5 17. a4 b4 18. Nd5 a5 19. Nf2 Bc6 20. Bb2 h5 21. h4 Nd7 22. Nh3 Nb6 23. Ra1 Rb8 24. Bf3 Kf8 25. Bxh5 Bxh4 26. Kg2 Bf6 27. Bf3 Qd7 28. Bxd4 cxd4 29. Nxb6 Rxb6 30. Qb3 Rb8 31. Nf2 Ke7 32. Ng4 Rh7 33. Bd1 Rbh8 34. Ra2 Qd6 35. Qb1 Bg5 36. Bb3 Qc5 37. Qd1 Rh5 38. Qf3 f6 39. Raa1 Qd6 40. Kf2 Qd7 41. Ke1 Rh3 42. Rg1 Be3 43. Nxe3 dxe3 44. Qxe3 Qd4 45. Qxd4 exd4 46. Kf2 Rh2+ 47. Rg2 Kd6 48. Rc1 Kc5 49. Rcg1 R2h3 50. Kf3 R8h5 51. Kf4 Rh1 52. g4 Rxg1 53. Rxg1 Rh3 54. Rg3 Rh2 55. g5 Rf2+ 56. Kg4 Rb2 57. Bd1 b3 58. Kh5 Rh2+ 0-1

[Event "Koszalin"]
[Site "?"]
[Date "1999.??.??"]
[Round "?"]
[White "Bologan, V."]
[Black "Ulibin, M."]
[Result "1-0"]
[WhiteElo "2620"]
[BlackElo "2560"]
[PlyCount "89"]
[EventDate "1999.??.??"]
[Source "Chess Informant"]
[SourceDate "1999.06.01"]

1. e4 c5 2. Nf3 e6 3. d3 Nc6 4. c3 d5 5. Qe2 Nf6 6. g3 e5 7. Bg2 d4 8. O-O Bg4 9. h3 Bh5 10. g4 Bg6 11. Nh4 c4 12. Nf5 cxd3 13. Qxd3 Nd7 14. Rd1 Nc5 15. Qb5 a6 16. Nxg7+ Bxg7 17. Qxc5 h5 18. g5 h4 19. Nd2 Bf8 20. Qd5 Qxg5 21. Nf3 Qh5 22. Bg5 Bg7 23. cxd4 O-O 24. dxe5 Nxe5 25. Nxe5 Qxg5 26. Nd7 Qxd5 27. Rxd5 Rfe8 28. e5 Rac8 29. b4 Rc2 30. a4 Rb2 31. b5 Rc8 32. b6 Rcc2 33. Rf1 Bh6 34. a5 Kg7 35. Nf6 Be3 36. Ng4 Bc5 37. e6 fxe6 38. Rd7+ Bf7 39. Bxb7 Rd2 40. Rxd2 Rxd2 41. Rc1 Bd4 42. Rc7 Ra2 43. Bc6 Rxa5 44. b7 Ba7 45. Rc8 1-0

[Event "Chisinau 72/190"]
[Site "?"]
[Date "1998.??.??"]
[Round "?"]
[White "Fedorov, Alexei"]
[Black "Bologan, Viktor"]
[Result "0-1"]
[WhiteElo "2595"]
[BlackElo "2580"]
[PlyCount "112"]
[EventDate "1998.??.??"]
[Source "ChessBase"]
[SourceDate "1998.02.01"]

1. e4 c5 2. Nf3 e6 3. Nc3 a6 4. g3 b5 5. Bg2 Bb7 6. d3 d6 7. O-O Nf6 8. a3 Nbd7 9. Nh4 Qc7 10. f4 Be7 11. Bd2 Bc6 12. Qe2 O-O 13. Nd1 c4 14. Nf2 cxd3 15. cxd3 Nc5 16. Rad1 a5 17. Nf3 Nb3 18. Be3 Qb7 19. g4 Nd7 20. f5 Rfe8 21. d4 Nf6 22. fxe6 fxe6 23. Ng5 e5 24. d5 Bd7 25. Ne6 Bxe6 26. dxe6 Rf8 27. g5 Ne8 28. Qh5 g6 29. Qh3 Ng7 30. Ng4 Nh5 31. Nf6+ Nxf6 32. gxf6 Rxf6 33. Rxf6 Bxf6 34. Rxd6 Rd8 35. Rd5 Qc6 36. Qg4 Nd4 37. Bxd4 exd4 38. h4 d3 39. e5 Rxd5 40. exf6 d2 41. Bxd5 Qxd5 42. Qd1 Qd4+ 43. Kg2 Qe4+ 44. Kf1 Qxe6 45. Qxd2 Qxf6+ 46. Kg2 Qc6+ 47. Kg3 a4 48. Qd4 h5 49. Qe5 Kf7 50. Qf4+ Ke6 51. Qe3+ Kd7 52. Qf2 Qd6+ 53. Kg2 Qd5+ 54. Kg3 Qd3+ 55. Kg2 Ke6 56. Qb6+ Kd5 0-1